Un minuto para el absurdo / [por] Anthony de Mello

Gardado en:
Detalles Bibliográficos
Autor Principal: Mello, Anthony de (autor)
Formato: Libro
Series:Col. "El pozo de siquem" (58)
Temas:
Etiquetas: Engadir etiqueta
Sen Etiquetas, Sexa o primeiro en etiquetar este rexistro!

MARC

LEADER 00000nam^a2200000^u^4500
001 000541158
005 20250521000000.0
008 060220s1000^^^^^^^^^^^^r^^^^^000^0^spa^d
009 20260310131219.052
035 |a FMI 000009357 
037 |a Acervo Xavier Clavigero 
096 |a 4.2/433/B 
100 |a Mello, Anthony de  |e (autor) 
245 1 3 |a Un minuto para el absurdo / [por] Anthony de Mello 
264 |a Santander : Sal Terrae, 1993 
300 |a 350 p. 
336 |a texto  |b txt  |2 rdacontenido 
337 |a sin mediación  |b n  |2 rdamedio 
338 |a volumen  |b nc  |2 rdasoporte 
440 0 |a Col. "El pozo de siquem" (58) 
597 |a Trad. del inglés ("A minute nonsense") por Jesús García-Abril 
649 |a XX 
650 |a ESPIRITUALIDAD MODERNA 
910 |a Fondo Francisco Migoya Covarrubias S.J. 
920 |a Impresos - Libros 
930 |a Fondos Especiales 
905 |a 134 
901 |a SBC20528  |b IT2  |c ESP  |u 20250521 
902 |a https://opac.biblio.iteso.mx/vufind/Record/000541158